Rural property valuation (Record no. 107694)
[ view plain ]
| 000 -LEADER | |
|---|---|
| fixed length control field | 01395cad a22002895a 4500 |
| 001 - CONTROL NUMBER | |
| control field | L141543 |
| 008 - FIXED-LENGTH DATA ELEMENTS--GENERAL INFORMATION | |
| fixed length control field | 030519e20071127xxk f 000 0 eng u |
| 020 ## - INTERNATIONAL STANDARD BOOK NUMBER | |
| International Standard Book Number | 9781842191477 |
| 035 ## - SYSTEM CONTROL NUMBER | |
| System control number | (Sirsi) u141543 |
| 041 0# - LANGUAGE CODE | |
| Language code of text/sound track or separate title | eng |
| 050 04 - LIBRARY OF CONGRESS CALL NUMBER | |
| Classification number | 333.332 $2 18 |
| 110 2# - MAIN ENTRY--CORPORATE NAME | |
| Corporate name or jurisdiction name as entry element | Royal Institution of Chartered Surveyors |
| Subordinate unit | Valuation Faculty |
| 9 (RLIN) | 4354 |
| 245 00 - TITLE STATEMENT | |
| Title | Rural property valuation |
| Remainder of title | valuation information paper no. 5 |
| Medium | [electronic resource] |
| 260 ## - PUBLICATION, DISTRIBUTION, ETC. | |
| Place of publication, distribution, etc. | London |
| Name of publisher, distributor, etc. | RICS |
| Date of publication, distribution, etc. | 2007 |
| 490 #0 - SERIES STATEMENT | |
| Series statement | RICS Information Paper |
| 490 #0 - SERIES STATEMENT | |
| Series statement | RICS Valuation Information Paper |
| Volume/sequential designation | (05) |
| 520 ## - SUMMARY, ETC. | |
| Summary, etc. | Provides supplementary information for members carrying out the valuation of rural property in accordance with the Red Book. Written in the context of UK law and practice, but the matters covered may be relevant in other states. Effective from December 2007. |
| 521 ## - TARGET AUDIENCE NOTE | |
| Target audience note | Advanced |
| 650 24 - SUBJECT ADDED ENTRY--TOPICAL TERM | |
| Topical term or geographic name entry element | RICS appraisal and valuation standards |
| 651 #4 - SUBJECT ADDED ENTRY--GEOGRAPHIC NAME | |
| Geographic name | United Kingdom |
| Chronological subdivision | |
| 690 ## - LOCAL SUBJECT ADDED ENTRY--TOPICAL TERM (OCLC, RLIN) | |
| Topical term or geographic name as entry element | PROPERTY-RURAL AND NATURAL ASSETS-RURAL AND NATURAL ASSET VALUATION AND APPRAISAL |
| 710 2# - ADDED ENTRY--CORPORATE NAME | |
| Corporate name or jurisdiction name as entry element | Royal Institution of Chartered Surveyors |
| Subordinate unit | Rural Faculty |
| 9 (RLIN) | 4160 |
| 710 2# - ADDED ENTRY--CORPORATE NAME | |
| Corporate name or jurisdiction name as entry element | Royal Institution of Chartered Surveyors |
| Subordinate unit | Rural Valuation Group |
| 9 (RLIN) | 4584 |
| 856 40 - ELECTRONIC LOCATION AND ACCESS | |
| Uniform Resource Identifier | <a href="https://www.rics.org/Global/Downloads/5_RuralPropertyVal_07_1_.pdf">https://www.rics.org/Global/Downloads/5_RuralPropertyVal_07_1_.pdf</a> |
| Public note | View the valuation information paper free of charge at www.rics.org/... |
| 942 ## - ADDED ENTRY ELEMENTS (KOHA) | |
| Suppress in OPAC | 0 |
| Withdrawn status | Lost status | Source of classification or shelving scheme | Damaged status | Not for loan | Home library | Current library | Shelving location | Date acquired | Total Checkouts | Full call number | Barcode | Date last seen | Copy number | Price effective from | Koha item type |
|---|---|---|---|---|---|---|---|---|---|---|---|---|---|---|---|
| Dewey Decimal Classification | Virtual | Virtual | Online | 29/11/2007 | ONLINE PUBLICATION | 141543-2001 | 06/08/2019 | 1 | 06/08/2019 | Book |